Children at play : clinical and developmental approaches to meaning and representation

Αποθηκεύτηκε σε:
Λεπτομέρειες βιβλιογραφικής εγγραφής
Άλλοι συγγραφείς: Slade, Arietta (Επιμελητής έκδοσης), Wolf, Dennie Palmer (Επιμελητής έκδοσης)
Μορφή: Βιβλίο
Γλώσσα:English
Δημοσίευση: New York : Oxford University Press, 1994
Θέματα:
Ετικέτες: Προσθήκη ετικέτας
Δεν υπάρχουν, Καταχωρήστε ετικέτα πρώτοι!

MARC

LEADER 00000nam a2200000 i 4500
001 1/96530
008 991215s1994 eng d
020 |a 0-19-504414-2 
035 |l 10055797 
040 |a GR-MY-UA  |b gre  |e aacr 
041 0 |a eng 
082 0 |a 155.418 
245 1 0 |a Children at play :  |b clinical and developmental approaches to meaning and representation /  |c edited by Arietta Slade, Dennie Palmer Wolf 
260 |a New York :   |b Oxford University Press,   |c 1994 
300 |a 313 p. 
650 0 0 |a Symbolic play. 
650 0 0 |a Symbolism (Psychology) in children. 
650 0 0 |a Cognition in children. 
700 1 |a Slade, Arietta.  |4 edt 
700 1 |a Wolf, Dennie Palmer.  |4 edt 
852 |a INST  |b RHODES  |e 19991215  |h 155.418 CHI  |p 005400012380  |q 005400012380  |t BK  |y 0 
901 |a BIBL4-2000-1 
909 |a Ρ  |b 069132 
922 |a 4ΕΛΗ  |b 199909  |c ΚΠΣ/154  |d GLORY BOOKS 
970 |a ΚΟΥΛΑΚΙΟΤΗ  |b ΛΙΤΣΑ  |z 2000/01/12